Statistics for Real Madrid

Click here to take the quiz!

General Stats

  • This quiz has been taken 124 times
  • The average score is 11 of 11

Answer Stats

HintAnswer% Correct
Who are Real Madrids main rivals (derby nicknamed el Clasico)Barcelona
100%
Which Croatian midfielder won best player at the World Cup and the ballon d’or in 2018Luka Modric
100%
What country do the club play inSpain
100%
What colour is Real Madrids home kitWhite
100%
Who is their current managerCarlo Ancelotti
98%
Who is Real Madrids all time top goalscorerCristiano Ronaldo
98%
Which Spanish centre back was there captain until his move to psg in 2021Sergio Ramos
97%
How many champions leagues have they won14
95%
Which Hungarian star played for the club in the 1950sFerenc puskas
94%
Which Welsh wizard has moved to the mls from madrid this yearGareth bale
94%
Who scored in the 1-0 over Liverpool in the champions league final this yearVinicius Jr
89%

Score Distribution

Percentile by Number Answered

Percent of People with Each Score

Your Score History

You have not taken this quiz